[Event "AUTO-OPEN-4614"]
[Site "http://www.queenalice.com/game.php?id=1862865"]
[Date "2025.9.11"]
[Round "1"]
[White "game"]
[Black "Donidon"]
[Result "0-1"]
[WhiteElo "1677"]
[BlackElo "2158"]

1. d4 Nf6 2. Nf3 d5 3. e4 Nxe4 4. Ne5 g6 5. Qf3 f5 6. Qb3 e6 7. Bd3 Bg7 8. Bf4
O-O 9. f3 c5 10. Bxe4 fxe4 11. dxc5 Rxf4 12. Qc3 Qc7 13. Qd2 Bxe5 14. Nc3 e3 15.
Qxe3 d4 16. Nb5 Qa5+ 17. Qd2 Qxb5 18. g3 Rxf3 19. O-O-O Nc6 20. Rde1 Bg7 21. Re2
d3 22. cxd3 Bd7 23. Qc2 Nd4 24. a4 Nxe2+ 25. Qxe2 Qxc5+ 26. Kb1 Qb4 27. Rf1
Rxf1+ 0-1

[Event "AUTO-OPEN-4614"]
[Site "http://www.queenalice.com/game.php?id=1862866"]
[Date "2025.9.11"]
[Round "1"]
[White "Donidon"]
[Black "game"]
[Result "1-0"]
[WhiteElo "2157"]
[BlackElo "1684"]

1. e4 c5 2. Nf3 d6 3. d4 Bg4 4. Be2 e6 5. O-O Nf6 6. Nc3 d5 7. e5 Ne4 8. Nxe4
dxe4 9. Ng5 h5 10. f3 exf3 11. Bb5+ Nc6 12. Rxf3 Bxf3 13. Qxf3 Qe7 14. Bxc6+
bxc6 15. Qxc6+ Qd7 16. Qxa8+ Ke7 17. Ne4 Qxd4+ 18. Nf2 Qc4 19. Bg5+ f6 20. Qxa7+
Ke8 21. Rd1 Qb5 22. exf6 gxf6 23. Bxf6 Rh6 24. Rd8# 1-0

[Event "AUTO-OPEN-4614"]
[Site "http://www.queenalice.com/game.php?id=1862895"]
[Date "2025.9.11"]
[Round "1"]
[White "Donidon"]
[Black "Quanah4"]
[Result "1-0"]
[WhiteElo "2159"]
[BlackElo "1598"]

1. e4 c5 2. Nf3 g6 3. d4 cxd4 4. Nxd4 Bg7 5. Be3 e6 6. Nc3 a6 7. f3 Nc6 8. Qd2
Nge7 9. O-O-O O-O 10. g4 d5 11. Nxc6 bxc6 12. Bc5 Re8 13. Na4 Bb7 14. h4 f5 15.
exf5 exf5 16. h5 Qc7 17. hxg6 Nxg6 18. gxf5 Ne5 19. Qh2 Qf7 20. Qxh7# 1-0

[Event "AUTO-OPEN-4614"]
[Site "http://www.queenalice.com/game.php?id=1862896"]
[Date "2025.9.11"]
[Round "1"]
[White "Quanah4"]
[Black "Donidon"]
[Result "0-1"]
[WhiteElo "1629"]
[BlackElo "2169"]

1. c4 Nf6 2. g3 d5 3. cxd5 Qxd5 4. Nf3 e5 5. Bg2 Nc6 6. O-O Bc5 7. e3 O-O 8. Nd4
e4 9. Nc3 Qe5 10. Nxc6 bxc6 11. Qc2 Ba6 12. Re1 Bd3 13. Qd1 Qf5 14. f4 exf3 15.
Bxf3 Rfe8 16. Be2 Bc2 17. Bd3 Bxd3 18. Ne2 Bc2 19. Qxc2 Qxc2 20. b3 Qe4 21. Nc3
Qg4 22. d4 Bxd4 23. Bd2 Bb6 24. Rac1 Rad8 25. Re2 Ne4 26. Nxe4 Rxe4 27. Rf2 Rxe3
28. Bxe3 Bxe3 29. Kg2 Qe4+ 30. Kf1 Bxc1 0-1

[Event "AUTO-MASTER-3273"]
[Site "http://www.queenalice.com/game.php?id=1864329"]
[Date "2025.10.16"]
[Round "2"]
[White "JailtonMaster"]
[Black "Donidon"]
[Result "1-0"]
[WhiteElo "2194"]
[BlackElo "2191"]

1. d4 Nf6 2. c4 d5 3. Nf3 c6 4. Bg5 e6 5. Nc3 Bd6 6. e3 O-O 7. Bd3 Nbd7 8. O-O
h6 9. Bh4 Re8 10. Rc1 e5 11. dxe5 Nxe5 12. Nxe5 Bxe5 13. cxd5 cxd5 14. Nxd5 Qxd5
15. Bxf6 Qxa2 16. Bxe5 Rxe5 17. Bc4 Qxb2 18. Qd8+ Kh7 19. Bxf7 Be6 20. Qxa8 Bxf7
21. Qxa7 Rf5 22. Rb1 Qf6 23. Rxb7 Bc4 24. Rc1 Bd5 25. e4 Qg5 26. Rxg7+ Qxg7 27.
Qxg7+ Kxg7 28. exf5 Kf6 29. Rc5 1-0

[Event "AUTO-MASTER-3273"]
[Site "http://www.queenalice.com/game.php?id=1864330"]
[Date "2025.10.16"]
[Round "2"]
[White "Donidon"]
[Black "JailtonMaster"]
[Result "1-0"]
[WhiteElo "2219"]
[BlackElo "2192"]

1. e4 e5 2. Nf3 Nc6 3. d4 exd4 4. Nxd4 Bc5 5. Be3 Qf6 6. c3 Nge7 7. Be2 O-O 8.
O-O d6 9. f4 Nxd4 10. cxd4 Bb6 11. Nc3 c6 12. e5 dxe5 13. fxe5 Qg6 14. Bh5 Qe6
15. Qd3 Nf5 16. Qxf5 Qxf5 17. Rxf5 Bxf5 18. Bf3 Rad8 19. Rd1 Rd7 20. g4 Be6 21.
Kg2 Rfd8 22. Bg5 f6 23. exf6 gxf6 24. Bxf6 Rf8 25. g5 Bd8 26. Bxd8 Rfxd8 27. Ne2
Bxa2 28. Bg4 Rg7 29. h4 h6 30. Nc3 Bd5+ 31. Nxd5 Rxd5 32. Be6+ Kf8 33. Bxd5 cxd5
34. Rf1+ Ke7 35. Rf5 hxg5 36. hxg5 Ke6 37. Re5+ Kd6 38. Kg3 a5 39. Kg4 b5 40.
Kf5 a4 41. Kf6 Rc7 42. g6 b4 43. Re6+ Kd7 44. Re7+ 1-0

[Event "AUTO-MASTER-3273"]
[Site "http://www.queenalice.com/game.php?id=1864333"]
[Date "2025.10.16"]
[Round "2"]
[White "Donidon"]
[Black "rockaudrey"]
[Result "0-1"]
[WhiteElo "2193"]
[BlackElo "2285"]

1. e4 c5 2. Nf3 d6 3. d4 cxd4 4. Nxd4 Nf6 5. Nc3 a6 6. Bc4 Qc7 7. Bb3 e6 8. O-O
Be7 9. Bg5 O-O 10. Qd2 b5 11. a3 Nc6 12. Nxc6 Qxc6 13. Kh1 h6 14. Bf4 Bb7 15. f3
Rad8 16. Qf2 Nh5 17. Be3 Nf6 18. Bb6 Rc8 19. Bd4 Nd7 20. Ne2 Ne5 21. Nf4 Nc4 22.
Bc3 Bg5 23. Nd3 Be3 24. Qg3 e5 25. Rad1 Qb6 26. f4 Bd4 27. fxe5 Bxc3 28. bxc3
Bxe4 29. exd6 Ne3 0-1

[Event "AUTO-MASTER-3273"]
[Site "http://www.queenalice.com/game.php?id=1864334"]
[Date "2025.10.16"]
[Round "2"]
[White "rockaudrey"]
[Black "Donidon"]
[Result "1-0"]
[WhiteElo "2275"]
[BlackElo "2203"]

1. e4 e5 2. Nf3 Nc6 3. d4 exd4 4. Bc4 Nf6 5. e5 d5 6. Bb5 Ne4 7. Nxd4 Bd7 8.
Bxc6 bxc6 9. O-O Bc5 10. f3 Ng5 11. Be3 Ne6 12. c3 Bb6 13. f4 Qe7 14. f5 Nxd4
15. cxd4 g6 16. f6 Qb4 17. Qd2 c5 18. dxc5 Bxc5 19. Qxb4 Bxb4 20. a3 Ba5 21. Nc3
Bxc3 22. bxc3 O-O 23. Rab1 Bc6 24. Rb4 Rfb8 25. Rfb1 Rxb4 26. Rxb4 a5 27. Rb2
Re8 28. Bd4 g5 29. Kf2 h5 30. Kf3 Kh7 31. h3 h4 32. Kg4 Kg6 33. Rb1 Bd7+ 34. Kf3
Bc8 35. Rb5 a4 36. Ra5 Bd7 37. Ra7 Rc8 38. Ke3 1-0

[Event "AUTO-MASTER-3285"]
[Site "http://www.queenalice.com/game.php?id=1864376"]
[Date "2025.10.16"]
[Round "1"]
[White "IranSilva"]
[Black "Donidon"]
[Result "0-1"]
[WhiteElo "2263"]
[BlackElo "2182"]

1. Nf3 d5 2. d4 Nf6 3. g3 g6 4. Bg2 Bg7 5. O-O O-O 6. Bf4 Nc6 7. Nc3 a6 8. Ne5
Be6 9. h4 Nxe5 10. Bxe5 c6 11. a4 a5 12. e4 dxe4 13. Nxe4 Bd5 14. Nxf6+ exf6 15.
Bf4 g5 16. Be3 Bxg2 17. Kxg2 h6 18. c3 f5 19. hxg5 hxg5 20. Qh5 Qd5+ 21. Kh2 f6
22. Rh1 Rf7 23. Kg1 Kf8 24. Qg6 Re8 25. Rh7 Ree7 26. Kh2 Qf3 27. Qh5 Rxe3 28.
fxe3 Qf2+ 29. Kh1 Re7 30. Qh2 Qxe3 31. Rf1 Qd3 32. Qg2 Re3 33. Kh2 f4 34. Rh3 f3
35. Qg1 Re2+ 36. Rf2 Qc2 0-1

[Event "AUTO-MASTER-3285"]
[Site "http://www.queenalice.com/game.php?id=1864377"]
[Date "2025.10.16"]
[Round "1"]
[White "Donidon"]
[Black "IranSilva"]
[Result "1-0"]
[WhiteElo "2170"]
[BlackElo "2250"]

1. e4 e5 2. Nf3 Nc6 3. d4 exd4 4. Nxd4 Bc5 5. Be3 Qf6 6. c3 Nge7 7. g3 d5 8. Bg2
dxe4 9. O-O Bf5 10. Nxf5 Qxf5 11. Nd2 Bxe3 12. fxe3 Qg5 13. Nxe4 Qxe3+ 14. Kh1
O-O 15. Qh5 h6 16. Rae1 Qb6 17. Nf6+ gxf6 18. Rxf6 Qa5 19. Qxh6 Nf5 20. Rxf5
Qxf5 21. Be4 Rfe8 22. Bxf5 Rxe1+ 23. Kg2 Ne5 24. Bh7+ Kh8 25. Be4+ Kg8 26. Qh7+
Kf8 27. Qh8+ 1-0

[Event "AUTO-MASTER-3285"]
[Site "http://www.queenalice.com/game.php?id=1864392"]
[Date "2025.10.16"]
[Round "1"]
[White "JailtonMaster"]
[Black "Donidon"]
[Result "0-1"]
[WhiteElo "2227"]
[BlackElo "2194"]

1. d4 Nf6 2. c4 g6 3. Nf3 d5 4. Nc3 Bg7 5. cxd5 Nxd5 6. e4 Nxc3 7. bxc3 O-O 8.
Bc4 c5 9. O-O Nd7 10. Qc2 cxd4 11. cxd4 Nb6 12. Rd1 Bd7 13. Bb3 Rc8 14. Qd3 a6
15. Bg5 h6 16. Bh4 Bb5 17. Qe3 g5 18. Bg3 Nc4 19. Bxc4 Bxc4 20. Ne5 Bb5 21. Rac1
Rxc1 22. Rxc1 e6 23. Nf3 Bc6 24. Ne5 Qb6 25. Nxc6 bxc6 26. Rd1 Qb4 27. d5 exd5
28. exd5 cxd5 29. Rxd5 Qb1+ 0-1

[Event "AUTO-MASTER-3285"]
[Site "http://www.queenalice.com/game.php?id=1864393"]
[Date "2025.10.16"]
[Round "1"]
[White "Donidon"]
[Black "JailtonMaster"]
[Result "1-0"]
[WhiteElo "2207"]
[BlackElo "2198"]

1. e4 e5 2. Nf3 Nc6 3. Bc4 Nf6 4. d3 Bc5 5. O-O O-O 6. Nc3 d6 7. Bg5 h6 8. Bxf6
Qxf6 9. Nd5 Qd8 10. c3 Na5 11. Nd2 Nxc4 12. Nxc4 c6 13. Nde3 f5 14. exf5 Bxf5
15. Nxf5 Rxf5 16. Qg4 Qf6 17. Qg3 Rf8 18. Ne3 Rg5 19. Qh3 d5 20. b4 Bb6 21. a4
Qg6 22. a5 Bxe3 23. fxe3 Rxf1+ 24. Rxf1 Qxd3 25. Qc8+ Kh7 26. g3 Qxe3+ 27. Kg2
Rh5 28. h4 Qe4+ 29. Kg1 Qe3+ 30. Kg2 Qe2+ 31. Rf2 Qe4+ 32. Kg1 Qe1+ 33. Kg2 Qe4+
34. Kh2 1-0

[Event "AUTO-MASTER-3285"]
[Site "http://www.queenalice.com/game.php?id=1864404"]
[Date "2025.10.16"]
[Round "1"]
[White "Donidon"]
[Black "chessman"]
[Result "1/2-1/2"]
[WhiteElo "2196"]
[BlackElo "2037"]

1. e4 e6 2. d4 d5 3. Nc3 dxe4 4. Nxe4 Nd7 5. c4 Ngf6 6. Bg5 Bb4+ 7. Nc3 c5 8. d5
Qa5 9. dxe6 Bxc3+ 10. bxc3 Qxc3+ 11. Bd2 Qe5+ 12. Be2 Qxe6 13. Nf3 O-O 14. O-O
Ne5 15. Qc2 Nc6 16. Rfe1 Qd7 17. Bg5 h6 18. Bxf6 gxf6 19. Rad1 Qg4 20. h3 Qg6
21. Qxg6+ fxg6 22. Bd3 Kf7 23. Nh4 g5 24. Nf5 Ne5 25. Nxh6+ Kg7 26. Nf5+ Kg8 27.
Be4 Bxf5 28. Bxf5 Rad8 29. Rxd8 Rxd8 30. Be4 b6 31. Bd5+ Kg7 32. a4 Rd7 33. Rb1
Kg6 34. Rd1 f5 35. Re1 Kf6 36. Re3 Re7 37. g3 Ng6 38. Kg2 Rxe3 39. fxe3 Ne5 40.
Kf1 Nd3 41. Bc6 Ke5 42. h4 gxh4 43. gxh4 Kf6 44. Kg2 Ne5 45. Bb5 Kg6 46. Kg3 Nd3
47. Be8+ Kf6 48. Kf3 Ne5+ 49. Kf4 Nxc4 50. h5 Nd6 51. Bc6 c4 52. Bf3 a6 53. h6
Kg6 54. Ke5 c3 55. Bd1 Ne4 56. h7 Kxh7 57. Kxf5 Nc5 58. Bc2 Kg7 59. Ke5 b5 60.
Kd5 Nxa4 61. e4 Kf8 62. Kd4 Ke7 63. Bxa4 bxa4 64. Kxc3 Ke6 65. Kb4 Ke5 1/2-1/2

[Event "AUTO-MASTER-3285"]
[Site "http://www.queenalice.com/game.php?id=1864405"]
[Date "2025.10.16"]
[Round "1"]
[White "chessman"]
[Black "Donidon"]
[Result "0-1"]
[WhiteElo "2052"]
[BlackElo "2160"]

1. e4 e6 2. d4 d5 3. e5 c5 4. c3 Nc6 5. f4 Nge7 6. Nf3 Nf5 7. Bb5 Bd7 8. O-O
cxd4 9. cxd4 Qb6 10. Bxc6 Bxc6 11. Nc3 Be7 12. Qd3 O-O 13. g4 Nh4 14. Nxh4 Bxh4
15. g5 f6 16. gxf6 gxf6 17. Qh3 fxe5 18. Qxh4 Qxd4+ 19. Kh1 Kh8 20. Qg3 Rg8 21.
Qh3 Qb4 0-1

[Event "AUTO-MASTER-3288"]
[Site "http://www.queenalice.com/game.php?id=1865524"]
[Date "2025.11.13"]
[Round "1"]
[White "IranSilva"]
[Black "Donidon"]
[Result "1-0"]
[WhiteElo "2225"]
[BlackElo "2241"]

1. Nf3 Nf6 2. g3 g6 3. Bg2 d5 4. d4 Bg7 5. O-O O-O 6. Bf4 Nc6 7. c3 Nh5 8. Bg5
h6 9. Be3 e5 10. dxe5 Nxe5 11. Nxe5 Bxe5 12. Bxh6 Re8 13. Qxd5 Qxd5 14. Bxd5 c6
15. Bf3 Bg7 16. Bxg7 Nxg7 17. Nd2 Ne6 18. Ne4 Kg7 19. Rad1 a5 20. Nd6 Re7 21.
Rd2 Ng5 22. Bg2 Bh3 23. f4 Bxg2 24. Kxg2 Ne4 25. Nxe4 Rxe4 26. Kf3 Rae8 27. Re1
Re3+ 28. Kf2 R3e6 29. Rd7 R6e7 30. Rxe7 Rxe7 31. Rd1 f5 32. Rd4 Kf7 33. Kf3 Ke6
34. e4 Kf6 35. e5+ Kf7 36. Rd8 Kg7 37. Ra8 Rd7 38. Ke2 Rd5 39. Ra7 Rb5 40. b3
Rd5 41. Rxb7+ Kf8 42. c4 Rc5 43. Kd3 g5 44. Kd4 gxf4 45. gxf4 1-0

[Event "AUTO-MASTER-3288"]
[Site "http://www.queenalice.com/game.php?id=1865525"]
[Date "2025.11.13"]
[Round "1"]
[White "Donidon"]
[Black "IranSilva"]
[Result "1-0"]
[WhiteElo "2179"]
[BlackElo "2267"]

1. e4 e5 2. Nf3 Nc6 3. d4 exd4 4. Nxd4 Bc5 5. Be3 Qf6 6. c3 Nge7 7. Be2 Nxd4 8.
Bxd4 Bxd4 9. cxd4 O-O 10. Nc3 d5 11. exd5 Nf5 12. O-O Nxd4 13. Bd3 Bf5 14. Bxf5
Nxf5 15. Qb3 Nd6 16. Rae1 Rfe8 17. Nb5 Nxb5 18. Qxb5 Rxe1 19. Rxe1 Qd8 20. Qxb7
Rb8 21. Qxa7 Rxb2 22. Rc1 h6 23. a4 Qxd5 24. Qxc7 Qd2 25. Qc8+ Kh7 26. Qf5+ 1-0